000 00497nam a2200169 a 4500
005 20140412111416.0
008 070814s19uu xx 00 eng d
020 _a0-439-44490-x
050 _aTR(GS 372.41
_bW83 2002
100 _aWolfe, Robin
245 _aScholastic success with reading comprehension. Grade 2 /
_cRobin Wolfe.
260 _aNew York :
_bScholastic,
_c2002.
300 _a48
650 _aReading Comprehension
650 _aReading
_xElementary Education
999 _c105829
_d105829